00369nam a2200121Ia 4500008004000000020001600040082001900056100002400075245004700099260004200146300000800188650005100196210210b1976 xxu||||| |||| 00| 0 eng d a07 084367 8 a621.38132 LOWT aLOWENBERG, Edwin C. aTeory and problems of electronic circuits. aNew York.bMcGraw_Hill Company,c1976 a274 aElectronic Circuits Shaum's Theory Problems